<?xml version="1.0" encoding="UTF-8"?>
<record
    xmlns:xsi="http://www.w3.org/2001/XMLSchema-instance"
    xsi:schemaLocation="http://www.loc.gov/MARC21/slim http://www.loc.gov/standards/marcxml/schema/MARC21slim.xsd"
    xmlns="http://www.loc.gov/MARC21/slim">

  <leader>00425nam a22001337a 4500</leader>
  <datafield tag="040" ind1=" " ind2=" ">
    <subfield code="c">RUA</subfield>
  </datafield>
  <datafield tag="082" ind1=" " ind2=" ">
    <subfield code="a">AGR  CHU 1998 B020 Or.1</subfield>
  </datafield>
  <datafield tag="100" ind1=" " ind2=" ">
    <subfield code="a">CHUNG, SOPHAKTRA.</subfield>
  </datafield>
  <datafield tag="245" ind1=" " ind2=" ">
    <subfield code="a">&#x178A;&#x17C6;&#x178E;&#x17B6;&#x17C6;&#x179F;&#x17BD;&#x1793;&#x179F;&#x17B6;&#x1780;&#x179C;&#x1794;&#x17D2;&#x1794;&#x1780;&#x1798;&#x17D2;&#x1798; (horticulture)</subfield>
  </datafield>
  <datafield tag="260" ind1=" " ind2=" ">
    <subfield code="a">Phnom Penh</subfield>
    <subfield code="b">RUA</subfield>
    <subfield code="c">1998</subfield>
  </datafield>
  <datafield tag="300" ind1=" " ind2=" ">
    <subfield code="a">90p.</subfield>
    <subfield code="b">ill.</subfield>
    <subfield code="c">29cm.</subfield>
  </datafield>
  <datafield tag="856" ind1=" " ind2=" ">
    <subfield code="u">https://drive.google.com/file/d/1695QXhXR0nYabOLuDiD7Dg0QxgwsJ7UZ/view?usp=sharing</subfield>
  </datafield>
  <datafield tag="942" ind1=" " ind2=" ">
    <subfield code="c">AGR</subfield>
  </datafield>
  <datafield tag="999" ind1=" " ind2=" ">
    <subfield code="c">371</subfield>
    <subfield code="d">371</subfield>
  </datafield>
  <datafield tag="952" ind1=" " ind2=" ">
    <subfield code="0">0</subfield>
    <subfield code="1">0</subfield>
    <subfield code="2">ddc</subfield>
    <subfield code="4">0</subfield>
    <subfield code="6">AGR_CHU_1998_000000000000000_B020_OR_1</subfield>
    <subfield code="7">0</subfield>
    <subfield code="9">1740</subfield>
    <subfield code="a">LBB</subfield>
    <subfield code="b">LBB</subfield>
    <subfield code="c">B020</subfield>
    <subfield code="d">2015-09-13</subfield>
    <subfield code="o">AGR  CHU 1998 B020 Or.1</subfield>
    <subfield code="p">RUA003053</subfield>
    <subfield code="r">2017-07-31</subfield>
    <subfield code="w">2015-09-13</subfield>
    <subfield code="y">AGR</subfield>
  </datafield>
  <datafield tag="952" ind1=" " ind2=" ">
    <subfield code="0">0</subfield>
    <subfield code="1">0</subfield>
    <subfield code="2">ddc</subfield>
    <subfield code="4">0</subfield>
    <subfield code="6">AGR_CHU_1998_000000000000000_B020_OR_2</subfield>
    <subfield code="7">0</subfield>
    <subfield code="9">1741</subfield>
    <subfield code="a">LBB</subfield>
    <subfield code="b">LBB</subfield>
    <subfield code="c">B020</subfield>
    <subfield code="d">2015-09-13</subfield>
    <subfield code="l">1</subfield>
    <subfield code="o">AGR  CHU 1998 B020 Or.2</subfield>
    <subfield code="p">RUA003479</subfield>
    <subfield code="r">2016-03-23</subfield>
    <subfield code="s">2016-03-19</subfield>
    <subfield code="w">2015-09-13</subfield>
    <subfield code="y">AGR</subfield>
  </datafield>
  <datafield tag="952" ind1=" " ind2=" ">
    <subfield code="0">0</subfield>
    <subfield code="1">0</subfield>
    <subfield code="2">ddc</subfield>
    <subfield code="4">0</subfield>
    <subfield code="6">AGR_CHU_1998_000000000000000_B020_OR_3</subfield>
    <subfield code="7">0</subfield>
    <subfield code="9">1742</subfield>
    <subfield code="a">LBB</subfield>
    <subfield code="b">LBB</subfield>
    <subfield code="c">B020</subfield>
    <subfield code="d">2015-09-13</subfield>
    <subfield code="l">1</subfield>
    <subfield code="o">AGR  CHU 1998 B020 Or.3</subfield>
    <subfield code="p">RUA003057</subfield>
    <subfield code="r">2016-04-04</subfield>
    <subfield code="s">2016-03-23</subfield>
    <subfield code="w">2015-09-13</subfield>
    <subfield code="y">AGR</subfield>
  </datafield>
  <datafield tag="952" ind1=" " ind2=" ">
    <subfield code="0">0</subfield>
    <subfield code="1">0</subfield>
    <subfield code="2">ddc</subfield>
    <subfield code="4">0</subfield>
    <subfield code="6">AGR_CHU_1998_000000000000000_B020_OR_4</subfield>
    <subfield code="7">0</subfield>
    <subfield code="9">1743</subfield>
    <subfield code="a">LBB</subfield>
    <subfield code="b">LBB</subfield>
    <subfield code="c">B020</subfield>
    <subfield code="d">2015-09-13</subfield>
    <subfield code="l">1</subfield>
    <subfield code="o">AGR  CHU 1998 B020 Or.4</subfield>
    <subfield code="p">RUA003273</subfield>
    <subfield code="r">2016-03-25</subfield>
    <subfield code="s">2016-03-19</subfield>
    <subfield code="w">2015-09-13</subfield>
    <subfield code="y">AGR</subfield>
  </datafield>
  <datafield tag="952" ind1=" " ind2=" ">
    <subfield code="0">0</subfield>
    <subfield code="1">0</subfield>
    <subfield code="2">ddc</subfield>
    <subfield code="4">0</subfield>
    <subfield code="6">AGR_CHU_1998_000000000000000_B020_OR_5</subfield>
    <subfield code="7">0</subfield>
    <subfield code="9">5754</subfield>
    <subfield code="a">LBB</subfield>
    <subfield code="b">LBB</subfield>
    <subfield code="c">B020</subfield>
    <subfield code="d">2015-09-27</subfield>
    <subfield code="l">1</subfield>
    <subfield code="o">AGR  CHU 1998 B020 Or.5</subfield>
    <subfield code="p">RUA018704</subfield>
    <subfield code="r">2017-11-27</subfield>
    <subfield code="s">2017-10-27</subfield>
    <subfield code="w">2015-09-27</subfield>
    <subfield code="y">AGR</subfield>
  </datafield>
</record>
